000 00730nam a2200241Ia 4500
003 OSt
005 20220926030607.0
006 a|||||r|||| 00| 0
007 ta
008 220923b |||||||| |||| 00| 0 eng d
020 _a9780691125305
_c3391.25
037 _b40581, 13/03/2014, Segment Book Distrobutors
_cGeneral Book
040 _aRTL
_cRTL
_beng
041 _2eng
_aeng
082 _aU287, Q3
100 _aCook Kerry H
_9334593
245 0 _aClimate Dynamics
260 _aPrinceton
_bPrinceton University press
_c2013
300 _axii,200p
_ccm.
650 _aGeography
942 _hU287, Q3
_cGB
_2CC
999 _c650282
_d650282